| 000 | 00513nam a2200169Ia 4500 | ||
|---|---|---|---|
| 003 | GCL | ||
| 008 | 140319s9999 xx 000 0 ara d | ||
| 040 |
_aGCL / _cGCL |
||
| 082 | 0 | 4 |
_a150.1 _bج م |
| 100 | 1 | _aجابر عبدالحميد جابر | |
| 245 | 1 | 0 |
_aمقدمة فى علم النفس / _cجابر عبدالحميد جابر |
| 700 | 1 | _aصفاء الاعسر | |
| 700 | 1 | _aابراهيم قشقوش | |
| 260 |
_a[S.N] : _bدار النهضة العربية ، _c1985 |
||
| 300 | _a478 | ||
| 490 | _a | ||
| 999 |
_c31532 _d31532 |
||